LEADER 01897nas 2200409 n 450 001 990008882740403321 005 20240229084333.0 011 $a0002-2977 035 $a000888274 035 $aFED01000888274 035 $a(Aleph)000888274FED01 035 $a000888274 091 $2CNR$aP 00090107 100 $a20090724a19509999km-y0itaa50------ba 101 0 $ager 102 $aDE 110 $aauu-------- 200 1 $aAbhandlungen der geistes- und sozialwissenschaftlichen Klasse. Akademie der Wissenschaften und der Literatur in Mainz 207 1$a1950- 210 $aMainz$cAkademie der Wissenschaften und der Literatur;Steiner in Komm 530 0 $aAbhandlungen der geistes- und sozialwissenschaftlichen Klasse. Akademie der Wissenschaften und der Literatur in Mainz 675 $a061.6 675 $a3 675 $a008 675 $a82 675 $aa8 712 02$aAkademie der Wissenschaften und der Literatur 801 0$aIT$bACNP$c20090723 859 4 $uhttp://acnp.cib.unibo.it/cgi-ser/start/it/cnr/dc-p1.tcl?catno=59746&person=false&language=ITALIANO&libr=&libr_th=unina1$zBiblioteche che possiedono il periodico 901 $aSE 912 $a990008882740403321 958 $aBiblioteca Centralizzata. Facoltà di Agraria dell'Università Federico II di Napoli$b1971;1982;$fFAGBC 959 $aFAGBC 996 $aAbhandlungen der geistes- und sozialwissenschaftlichen Klasse. Akademie der Wissenschaften und der Literatur in Mainz$9802158 997 $aUNINA AP1 8 $6866-01$aNA087 Biblioteca Centralizzata. Facoltà di Agraria dell'Università Federico II di Napoli$ev. Università, 100 Palazzo Reale, 80055 Portici (NA)$m081-2539322$m081-7760229$nit AP2 40$aacnp.cib.unibo.it$nACNP Italian Union Catalogue of Serials$uhttp://acnp.cib.unibo.it/cgi-ser/start/it/cnr/df-p.tcl?catno=59746&language=ITALIANO&libr=&person=&B=1&libr_th=unina&proposto=NO LEADER 02749nas 2200637- 450 001 9910394957803321 005 20260218111628.0 011 $a2057-1720 035 $a(OCoLC)1096283027 035 $a(CKB)5280000000194329 035 $a(CONSER)--2021204280 035 $a(DE-599)ZDB2893785-5 035 $a(DE-599)2893785-5 035 $a(EXLCZ)995280000000194329 100 $a20190410a20159999 --- - 101 0 $aeng 135 $auruuu---uuuuu 181 $ctxt$2rdacontent 182 $cc$2rdamedia 183 $acr$2rdacarrier 200 00$aLifespans & styles $eundergraduate working papers on interspeaker variation 210 1$aEdinburgh :$cUniversity of Edinburgh, School of Philosophy, Psychology, and Language Sciences,$d2015- 215 $a1 online resource 300 $aThe inspiration for Lifespans & Styles came from student work on the honours course, Sociolinguistics, as taught most years by Dr. Lauren Hall-Lew at the University of Edinburgh since 2011. The course is research based, guiding students in designing and carrying out novel empirical research in variationist sociolinguistics. Students on the course work individually or in small groups, designing and executing the entire project themselves: choosing the speaker(s) and the linguistic variable(s) for analysis and collecting all the data and running statistical analyses. Key words: Dialects, Sociolinguistics, Gender Differences, Generational Differences, Phonetics. 300 $aOpen Access. 300 $aRefereed/Peer-reviewed 517 1 $aLifespans and styles :$eundergraduate working papers in sociolinguistics 606 $aSociolinguistics$vPeriodicals 606 $aBidialectalism$vPeriodicals 606 $aVoice$vPeriodicals 606 $aSpeech$vPeriodicals 606 $aDiscourse analysis$vPeriodicals 606 $aBidialectalism$2fast$3(OCoLC)fst01909294 606 $aDiscourse analysis$2fast$3(OCoLC)fst00894932 606 $aSociolinguistics$2fast$3(OCoLC)fst01123847 606 $aSpeech$2fast$3(OCoLC)fst01129153 606 $aVoice$2fast$3(OCoLC)fst01168739 608 $aPeriodicals.$2fast 608 $aZeitschrift.$2gnd-content 615 0$aSociolinguistics 615 0$aBidialectalism 615 0$aVoice 615 0$aSpeech 615 0$aDiscourse analysis 615 7$aBidialectalism. 615 7$aDiscourse analysis. 615 7$aSociolinguistics. 615 7$aSpeech. 615 7$aVoice. 676 $a306.4405 701 $aHall-Lew$b Lauren$0872590 712 02$aUniversity of Edinburgh.$bSchool of Philosophy, Psychology, and Language Sciences. 906 $aJOURNAL 912 $a9910394957803321 996 $aLifespans & styles$91947890 997 $aUNINA